000 00526nam a2200181Ia 4500
008 151018s9999 xx 000 0 und d
082 _bRBASDV40352
_a350
100 _aअर्चना सिंह
245 _aलोक अदालत
250 _b1
260 _bमधुमिलीका
_c2005
300 _a24
600 _aअर्चना सिंह
630 _aलोक अदालत
700 _aअर्चना सिंह
730 _aलोक अदालत
942 _cBOOK
999 _c1039632
_d1039629